| 000 | 00695nas a2200241 4500 | ||
|---|---|---|---|
| 001 | BR9204704 | ||
| 003 | BR-BrBNA | ||
| 005 | 20231205092751.0 | ||
| 007 | ta | ||
| 008 | 230509b bl.|||p| |||| 00| 00por d | ||
| 040 |
_aBR-BrBNA _bpor _cBiblioteca Nacional de Agricultura |
||
| 041 | _a(Pt) | ||
| 072 | _aF01 | ||
| 100 | 1 | _aCamargo, J.R.S. | |
| 100 | 1 | _aViana, A.A. | |
| 245 | 1 | _aEstudo de epoca de plantio e de tamanho de bulbinhos para producao de cebola | |
| 650 | _aCEBOLA | ||
| 650 | _aEPOCA DE PLANTIO | ||
| 650 | _aBULBO | ||
| 773 | 0 |
_tRevista de Olericultura (Brazil) _x _g(1964), v. 4 p. 223-226 _wBR9204704 |
|
| 909 |
_a202311 _bLúcia _c55 _dLúcia Elande |
||
| 942 |
_2AGRIS _n0 _cANA |
||
| 999 |
_c134030 _d134030 |
||